000
00242nam a22001097a 4500
008
140109t xxu||||| |||| 00| 0 eng d
020
_a
969-8109-09-9
100
_a
Parveen shakir
_9
592
245
_a
Mah e Tamam
300
_a
300
942
_2
ddc
_c
BK
999
_c
16858
_d
16858